Die Verbalaffigierung im Obersorbischen

Bibliographic Details
Main Author: Werner, Eduard (Author)
Format: Book
Language:German
PhysicalDescription:292 s. tab. 23 cm
Published: Bautzen Domowina 2003
ISBN:3742019406
Edition:1. Aufl.
Series:Schriften des Sorbischen Instituts 34
Subjects:

MARC

LEADER 00000nam a2200000 a 4500
001 vtls001483408
003 SK-MaSNL
005 20260302073705.0
008 251124s2003 gw l g 00100 ger
020 |a 3742019406  |q (brož.) 
035 |a SNK000438703 
040 |a SNK  |b slo  |c SNK  |e AACR2 
041 0 |a ger 
044 |a gw  |c DE 
072 7 |a 811.162  |x Západoslovanské jazyky  |2 konspekt 
080 |a 811.162.5  |2 2001 
080 |a 81`367.625  |2 2001 
080 |a 81`373.611  |2 2001 
080 |a (048.8)  |2 2001 
100 1 |a Werner, Eduard  |4 aut  |9 738419 
245 1 4 |a Die Verbalaffigierung im Obersorbischen  |c Eduard Werner 
250 |a 1. Aufl. 
260 |a Bautzen  |b Domowina  |c 2003 
300 |a 292 s.  |b tab.  |c 23 cm 
490 1 |a Schriften des Sorbischen Instituts  |v 34 
650 0 7 |a predpony  |2 SNKPH  |9 28912 
650 0 7 |a lužická srbčina  |2 SNKPH  |9 1351 
650 0 7 |a slovesá  |2 SNKPH  |9 1325 
650 0 7 |a prípony  |2 SNKPH  |9 19732 
655 7 |a štúdie  |2 SNKPH  |9 57033 
810 2 |a Sorbisches Institut (Budyšin, Nemecko)  |t Schriften des Sorbischen Instituts  |9 469100 
919 |a 3-7420-1940-6 
999 |c 1161964  |d 1163894 
952 |t P60, <04>, [BOOK], {604}, -A-  |a SNK  |b SNK  |y VYP  |7 0  |p 17A0453860  |o snkIC 131867  |i snkV 1736/2004  |8 2  |g 31.14  |0 0  |1 0  |4 0  |d 2004-10-12  |l 0  |r 2005-01-02 00:00:00  |w 2026-02-24